00789pam a2200241 a 450000100060000000300080000600500170001400800410003102000260007202000220009803500190012004000320013904100080017108200260017910000320020524500520023726000910028930000340038050400510041465000280046565000400049370000140053321604BD-RjUL20211209000715.0140305r19921990enka b 001 0 eng d a0521344298 (hardback) a0521348846 (pbk.) a(BD-RjUL)21668 aDLCcDLCdDLCdBD-RjULbeng aeng00a660.634220bCHE 19921 aChaplin, M. F.q(Martin F.)10aEnzyme technology /cM.F. Chaplin and C. Bucke. aCambridge [England] ;aNew York :bCambridge University Press,cc1990 [reprinted 1992] axvi, 264 p. :bill. ;c24 cm. aIncludes bibliographical references and index. 0aEnzymesxBiotechnology. 0aImmobilized enzymesxBiotechnology.1 aBucke, C.